Gaming Quiz

Random Gaming or Console Quiz
Score 0/22 Timer 10:00
0 Plays Today
% Correct
Geno
87.5%
Lucca
87.5%
Garrus Vakarian
87.5%
Barret Wallace
87.5%
X
87.5%
Virginia Maxwell
81.3%
Rudy Roughknight
68.8%
Billy Lee Black
68.8%
Maria Traydor
68.8%
Balthier
68.8%
Aya Brea
68.8%
% Correct
Naoto Shirogane
68.8%
Norris
62.5%
Nathan Summers
62.5%
Jeff Andonuts
62.5%
Tita Russell
62.5%
Clive
56.3%
Brad Evans
50%
Shu
37.5%
Brandon Heat
31.3%
Kyosuke Nanbu
12.5%
Jonathon Torgeaux Lindl
12.5%
Come Together.
Have Fun.
All Virtual.
We all need to come together. Play Sporcle's virtual live trivia to have fun, connect with people, and get your trivia on. Join a live hosted trivia game for your favorite pub trivia experience done virtually. If a virtual private party is more your thing, go here for details.

You're not logged in!

Compare scores with friends on all Sporcle quizzes.
OR
Log In

Sporcle TV

Today on Sporcle TV


Watch our educational content, quiz creation guides, and fun videos on Sporcle TV.

Show Comments

Extras

Top Quizzes Today


Score Distribution

Paid Content

Your Account Isn't Verified!

In order to create a playlist on Sporcle, you need to verify the email address you used during registration. Go to your Sporcle Settings to finish the process.

Report this User

Report this user for behavior that violates our Community Guidelines.

Details: